000 00372nam a2200145Ia 4500
008 230917s9999||||xx |||||||||||||| ||und||
040 _e40460
_aMAIN
041 _aEnglish
082 _a810.9 M366H
100 _aMartin, Jay
245 0 _aHarvests of change: American literature 1865-1914
260 _aNew Jersey
_bPrentice-Hall
_c1967
300 _a382 p.
942 _cBK
999 _c45886
_d45886